000 00819nam a2200217Ia 4500
003 GCL
008 140319s9999 xx 000 0 ara d
040 _aGCL /
_cGCL
082 0 4 _a301.21
_bم ك
100 1 _aالمؤسسة العامة للدراسات والنشر
245 1 0 _aفى التربية العربية /
_cالمؤسسة العامة للدراسات والنشر
260 _a[S.N] :
_bالمؤسسة العربية للدراسات والنشر ،
_c1993
300 _a249 ص
490 _aكتاب قضايا عربية فى الوحدة العربية وقضاي
_v0
650 0 4 _aالاجتماع التربوى - علم
650 0 4 _aالسياسة
650 0 4 _aمقالات ومحاضرات
650 0 4 _aالاحصاء
650 0 4 _aالتربية والتعليم
942 _2ddc
_cBK
999 _c30788
_d30788